000 01907nab a2200289 ab4500
005 20260630064057.0
008 260604b2025 sp fr poo| 0 0 spa d
003
040 _aMX-MxUPN
_bspa
_cMX-MxUPN
_eaacr2
100 1 _aÁlvarez Sousa, Antonio
_960152
100 1 _aAndrade Suárez, María
_960153
100 1 _aCaamaño Franco, Iria
_960154
245 1 4 _aFake news y factores de descontento con la democracia :
_bopinión de los ciudadanos europeos
_h[recurso electrónico en línea]
506 0 _aAcceso abierto
520 3 _aEn el siglo xxi, las fake news (FN) y la falta de libertad de los medios de comunicación por presiones políticas y económicas erosionan la satisfacción de la ciudadanía con la democracia (SWD). El descontento con la democracia (DWD) no solo está condicionado por las FN y por la falta de libertad de los medios, sino también por factores sociales, económicos y políticos. Se emplearon datos del eurobarómetro y se aplicó la técnica de ecuaciones estructurales generalizadas (GSEM). Los resultados señalan la existencia de diferencias de SWD entre los ciudadanos que pueden explicarse por los factores clásicos (económicos, sociales y políticos) pero también por un nuevo factor que son las FN, las cuales influyen significativamente en el DWD de forma directa y a través de otras variables como la polarización política.
_cREIS
653 2 _aFake news
650 2 _aLibertad de información
_919949
653 4 _aDescontento con la democraca
653 4 _aCrisis
653 _aDiscusión política
653 _aModelo estado bienestar
773 _gNo. 192 (2025), p. 47-66
_tREIS: revista española de investigaciones sociológicas
_x1988-5903
856 4 _uhttps://reis.cis.es/index.php/reis/article/view/2438
856 4 _uhttps://reis.cis.es/index.php/reis/article/view/2438/2964
902 _aLeonor Sotres/290626
942 _cART-E
999 _c215473
_d215473